Parciálne derivácie v ekonomických aplikáciách bakalárska práca

Uložené v:
Podrobná bibliografia
Hlavný autor: Nagyová, Veronika
Korporativný autor: Fakulta hospodárskej informatiky EU. Katedra matematiky
Ďalší autori: Šoltésová, Tatiana, 1975-
Médium: Kniha
Jazyk:Slovak
Vydavateľské údaje: Bratislava 2011
Tagy: Pridať tag
Žiadne tagy, Buďte prvý, kto otaguje tento záznam!

MARC

LEADER 00000nbm a2200000 4500
001 0140966
005 20161109111724.9
041 0 |a slo 
044 |a SK 
245 1 0 |a Parciálne derivácie v ekonomických aplikáciách  |b bakalárska práca  |c Veronika Nagyová ; školiteľ: Tatiana Šoltésová 
264 1 |a Bratislava  |c 2011 
300 |a 45 s. 
100 1 |a Nagyová, Veronika 
700 1 |a Šoltésová, Tatiana, 1975- 
710 2 |a Fakulta hospodárskej informatiky EU. Katedra matematiky